関西大手私鉄 乗降客数TOP50 - Statistics

General Stats
  • This quiz has been taken 301 times
  • The average score is 39 of 50
Answer Stats
順位 乗降客数 Answer % Correct
1位 402947 大阪梅田(阪急)
99%
3位 159663 大阪梅田(阪神)
99%
8位 107270 神戸三宮(阪神)
98%
11位 89189 神戸三宮(阪急)
98%
14位 72154 京都
98%
2位 217969 難波
96%
20位 57979 十三
95%
24位 52283 尼崎
95%
4位 149261 大阪難波
94%
30位 46673 西宮
94%
21位 54783 近鉄奈良
93%
19位 58113 京都河原町
92%
6位 137399 鶴橋
91%
13位 81442 淀屋橋
91%
7位 129938 京橋
90%
12位 87145 西宮北口
90%
18位 65644 大阪上本町
90%
25位 50262 高槻市
90%
16位 70819 枚方市
89%
47位 36795 宝塚
89%
26位 49009 茨木市
87%
35位 43743 大和西大寺
86%
5位 140110 大阪阿部野橋
84%
23位 53843 甲子園
83%
36位 42929 生駒
83%
9位 91096 新今宮
82%
15位 72088 天下茶屋
82%
17位 66086 烏丸
76%
31位 46297 寝屋川市
76%
42位 39769 豊中
75%
38位 41460 天満橋
71%
39位 40831 西九条
71%
22位 54459 堺東
70%
28位 47324 川西能勢口
70%
32位 44540 近鉄日本橋
70%
45位 39065 丹波橋
70%
50位 35998
69%
10位 90883 近鉄名古屋
67%
29位 46778 祇園四条
64%
33位 44369 学園前
63%
41位 39779 近鉄丹波橋
62%
27位 47388 樟葉
61%
49位 36184 石橋阪大前
59%
44位 39335 塚口
58%
43位 39575 近鉄四日市
55%
46位 37312 池田
55%
48位 36623 三国ヶ丘
45%
37位 42433 武庫之荘
44%
34位 44082 香里園
41%
40位 40351 上新庄
34%
No matching quizzes found
Score Distribution
Percent of People with Each Score
Percentile by Number Answered
Your Score History
You have not taken this quiz